Zákony V/2007 rozpočtové pravidlá

Saved in:
Bibliographic Details
Format: Book
Language:Slovak
Published: Žilina Poradca 2007
Subjects:
Tags: Add Tag
No Tags, Be the first to tag this record!

MARC

LEADER 00000nam$a2200000$$$4500
001 0053535
005 20240318121006.1
022 |a 1335-1583 
041 0 |a slo 
044 |a SK 
245 1 0 |a Zákony V/2007  |b rozpočtové pravidlá 
264 1 |a Žilina  |b Poradca  |c 2007 
300 |a 400 s. 
610 2 0 |a predpisy právne 
610 2 0 |a legislatíva 
610 2 0 |a pravidlá rozpočtové 
610 2 0 |a záujmy verejné 
610 2 0 |a služba štátna 
610 2 0 |a školy 
610 2 0 |a financovanie 
610 2 0 |a obce 
610 2 0 |a kraje 
610 2 0 |a samospráva 
610 2 0 |a Slovensko 
610 2 0 |a 2007